000 00617nam a2200253Ia 4500
005 20260121153821.0
008 008 260114s9999 xx 000 0 eng d
020 _a9781315824895
037 _aEBOOK
040 _aCRL
040 _beng
040 _cCRL
041 _2eng
041 _aeng
084 _qCRL
100 _aBrian Graham; John Tunbridge; Greg Ashworth
_9999491
245 2 _aA Geography of Heritage
260 _bTaylor and Francis
260 _c2000
856 _uhttp://www.taylorfrancis.com/books/9781315824895
942 _cEBOOK
999 _c1566312
_d1566312